000 00664nam a2200169 a 4500
001 000022584
005 20240320074001.0
008 101013s1995 dr r 000 0 spa d
040 _aDO-SdBNP
_bspa
_cBNPHU
082 _axxxx
_bC348s
100 1 _aCastellanos Martínez, Rafael Conrado
_946482
245 1 0 _aSermones /
_cRafael Conrado Castellanos Martínez ; compilador Rafael Bello Peguero.
260 _aSanto Domingo :
_bSecretaría de Estado de Educación, Bellas Artes y Cultos,
_c1995.
300 _a826 p. ;
_c24 cm.
500 _aIncluye referencias bibliográficas y notas al pie de las páginas
700 1 _aBello Peguero, Rafael,
_d1932-2022
_ecomp.
_92405
999 _c22081
_d22081